|
|
|
|
| LEADER |
00000nam0a2200000 4500 |
| 001 |
343381 |
| 005 |
20231102005543.0 |
| 010 |
|
|
|a 9785905450808
|
| 035 |
|
|
|a (RuTPU)RU\TPU\book\373543
|
| 090 |
|
|
|a 343381
|
| 100 |
|
|
|a 20190906d2016 km y0rusy50 ca
|
| 101 |
0 |
|
|a rus
|
| 102 |
|
|
|a RU
|
| 105 |
|
|
|a a z 001zy
|
| 200 |
1 |
|
|a Технология и безопасность взрывных работ
|f В. А. Белин [и др.]
|g Сибирская угольная энергетическая компания
|
| 210 |
|
|
|a Москва
|c Горное дело
|d 2016
|
| 215 |
|
|
|a 424 с.
|c ил.
|
| 225 |
1 |
|
|a Библиотека горного инженера
|v Т. 10 : Взрывное дело. Кн 2
|
| 320 |
|
|
|a Библиогр.: с. 418-423
|
| 320 |
|
|
|a Список сокращений: с. 11-12
|
| 330 |
|
|
|a В книге изложены основы взрывного дела, рассмотрены современные методы ведения взрывных работ, вопросы перевозки и хранения взрывчатых материалов, а также технологии добычи полезных ископаемых в карьерах и на подземных промышленных предприятиях. Отдельные главы посвящены конкретизации вопросов безопасности при подготовке и ведении взрывных работ. Издание предназначено для углубленного изучения вопросов безопасности ведения взрывных работ при добыче минерального сырья, залегающего в скальных породах. Для руководителей взрывных работ, инженеров-производственников и взрывников для повышения их квалификации и уровня безопасности при выполнении взрывных работ, а также для студентов вузов, обучающихся по горным специальностям.
|
| 606 |
1 |
|
|a Взрывные работы
|x Техника безопасности
|2 stltpush
|3 (RuTPU)RU\TPU\subj\2386
|9 30962
|
| 610 |
1 |
|
|a Россия
|
| 610 |
1 |
|
|a взрывное дело
|
| 610 |
1 |
|
|a персонал
|
| 610 |
1 |
|
|a взрывчатые материалы
|
| 610 |
1 |
|
|a классификация
|
| 610 |
1 |
|
|a перевозка
|
| 610 |
1 |
|
|a хранение
|
| 610 |
1 |
|
|a детонация
|
| 610 |
1 |
|
|a промышленные взрывчатые вещества
|
| 610 |
1 |
|
|a свойства
|
| 610 |
1 |
|
|a детонация
|
| 610 |
1 |
|
|a взрывание
|
| 610 |
1 |
|
|a земная поверхность
|
| 610 |
1 |
|
|a подземные условия
|
| 610 |
1 |
|
|a заряды
|
| 610 |
1 |
|
|a инициирование
|
| 610 |
1 |
|
|a горная масса
|
| 610 |
1 |
|
|a дробление
|
| 610 |
1 |
|
|a уголь
|
| 610 |
1 |
|
|a добыча
|
| 610 |
1 |
|
|a безопасность
|
| 675 |
|
|
|a 622.235.3
|v 4
|
| 701 |
|
1 |
|a Белин
|b В. А.
|
| 701 |
|
1 |
|a Кутузов
|b Б. Н.
|
| 701 |
|
1 |
|a Строгий
|b И. Б.
|
| 701 |
|
1 |
|a Ганопольский
|b М. И.
|
| 701 |
|
1 |
|a Оверченко
|b М. Н.
|
| 712 |
0 |
2 |
|a Сибирская угольная энергетическая компания
|c (Москва)
|2 stltpush
|3 (RuTPU)RU\TPU\col\26377
|9 28570
|
| 801 |
|
1 |
|a RU
|b 63413507
|c 20190906
|
| 801 |
|
2 |
|a RU
|b 63413507
|c 20191029
|g RCR
|
| 942 |
|
|
|c BK
|